| 000 | 00386cam a2200169 4500 | ||
|---|---|---|---|
| 001 | D14527 | ||
| 008 | 090401t1945 xxu||||| |||| 00| 0 eng d | ||
| 035 | _a(Sirsi) u94770 | ||
| 041 | _aeng | ||
| 110 |
_aWorksMinistry of _919 |
||
| 245 | _aForum of premier cost contract | ||
| 260 |
_aLondon _bHMSO _c1945 |
||
| 350 | _a0 | ||
| 520 | _aShelf 137 | ||
| 942 | _n0 | ||
| 948 | _c04/03/1997 | ||
| 999 |
_c98178 _d98178 |
||